[Event "Leca da Palmeira 2nd"]
[Site "Leca da Palmeira"]
[Date "2023.08.03"]
[Round "5"]
[White "Andrade, Ricardo Sarmento"]
[Black "Prie, Eric"]
[Result "0-1"]
[WhiteElo "1772"]
[BlackElo "2353"]
[PlyCount "84"]
[EventDate "2023.07.31"]
[EventType "swiss"]
[EventRounds "9"]
[EventCountry "POR"]
[SourceTitle "CBM 215 Extra"]
[Source "ChessBase"]
[SourceDate "2023.09.30"]
[SourceVersion "1"]
[SourceVersionDate "2023.09.30"]
[SourceQuality "1"]

1. d4 d5 2. Bf4 Nf6 3. e3 e6 4. Nd2 Bd6 5. Ngf3 Bxf4 6. exf4 0-0 7. Bd3 b6 8. Qe2 a5 9. 0-0 Ba6 10. Bxa6 Nxa6 11. c3 c5 12. Rad1 Qc7 13. g3 c4 14. Qe5 b5 15. f5 Qxe5 16. dxe5 Nd7 17. fxe6 fxe6 18. Nd4 Nac5 19. f4 b4 20. a3 bxc3 21. bxc3 Nb6 22. g4 Nba4 23. Nb1 Nb2 24. Rd2 Nbd3 25. f5 exf5 26. Nxf5 Rfe8 27. Re2 Nxe5 28. Re3 Ne4 29. h3 Rab8 30. Ng3 Nxg3 31. Rxg3 Nd3 32. Nd2 Rb2 33. Nf3 Re3 34. Rg2 Rxf3 35. Rxf3 Rxg2+ 36. Kxg2 Ne1+ 37. Kf2 Nxf3 38. Kxf3 Kf7 39. Ke3 Ke6 40. Kd4 Kd6 41. a4 g5 42. Ke3 Ke5 0-1

[Event "Guimaraes op"]
[Site "Guimaraes"]
[Date "2021.08.24"]
[Round "1"]
[White "Andrade, Ricardo Sarmento"]
[Black "Dardha, Daniel"]
[Result "0-1"]
[WhiteElo "1803"]
[BlackElo "2506"]
[PlyCount "52"]
[EventDate "2021.08.24"]
[EventType "swiss"]
[EventRounds "9"]
[EventCountry "POR"]
[SourceTitle "CBM 204 Extra"]
[Source "ChessBase"]
[SourceDate "2021.11.30"]
[SourceVersion "1"]
[SourceVersionDate "2021.11.30"]
[SourceQuality "1"]

1. d4 Nf6 2. c4 b6 3. Nc3 Bb7 4. Nf3 e6 5. Bg5 Bb4 6. e3 h6 7. Bh4 g5 8. Bg3 Ne4 9. Rc1 d6 10. a3 Bxc3+ 11. bxc3 Nd7 12. Nd2 Nxg3 13. hxg3 Qe7 14. Qa4 f5 15. Be2 Bxg2 16. Bh5+ Kf8 17. Rh2 Bb7 18. Bf3 Bxf3 19. Nxf3 Kg7 20. Qc6 Nf6 21. Ke2 e5 22. dxe5 dxe5 23. Rch1 Rad8 24. Kf1 Qd6 25. Qa4 Qd3+ 26. Ke1 Ne4 0-1

[Event "FIDE World Uni Rapid-F 1st"]
[Site "Tornelo INT"]
[Date "2021.03.21"]
[Round "12"]
[White "Andrade, Ricardo Sarmento"]
[Black "Scripcaru, George Daniel"]
[Result "0-1"]
[WhiteElo "1835"]
[BlackElo "2170"]
[PlyCount "46"]
[EventDate "2021.03.20"]
[EventType "swiss (rapid)"]
[EventRounds "12"]
[EventCountry "NET"]
[SourceTitle "EXT 2022"]
[Source "ChessBase"]
[SourceDate "2021.10.06"]
[SourceVersion "1"]
[SourceVersionDate "2021.10.06"]
[SourceQuality "1"]

1. e4 e6 2. Bc4 d5 3. exd5 exd5 4. Bd3 Nf6 5. Qe2+ Be7 6. Nf3 0-0 7. 0-0 Nc6 8. Nc3 Bg4 9. h3 Nd4 10. Qd1 Nxf3+ 11. gxf3 Bxh3 12. Re1 Bd6 13. Qe2 Nh5 14. Nxd5 Qh4 15. Qe4 Qg5+ 16. Qg4 Bxg4 17. fxg4 Qxg4+ 18. Kf1 Qf3 19. Be4 Ng3+ 20. Kg1 Nxe4 21. Rf1 Qg4+ 22. Kh1 Qh3+ 23. Kg1 Qh2# 0-1

[Event "Guimaraes op 3rd"]
[Site "Guimaraes"]
[Date "2019.08.31"]
[Round "6"]
[White "Lara Lopez, Sergio"]
[Black "Andrade, Ricardo Sarmento"]
[Result "1-0"]
[WhiteElo "2226"]
[BlackElo "1756"]
[PlyCount "45"]
[EventDate "2019.08.28"]
[EventType "swiss"]
[EventRounds "7"]
[EventCountry "POR"]
[SourceTitle "EXT 2020"]
[Source "ChessBase"]
[SourceDate "2019.10.17"]
[SourceVersion "1"]
[SourceVersionDate "2019.10.17"]
[SourceQuality "1"]

1. e4 c5 2. Nc3 Nc6 3. g3 g6 4. Bg2 Bg7 5. d3 d6 6. Be3 e5 7. Qd2 Nge7 8. Bh6 0-0 9. h4 Bxh6 10. Qxh6 f6 11. Nh3 Nd4 12. Qd2 Bg4 13. f4 b5 14. 0-0 b4 15. Nd1 Qc8 16. Kh2 f5 17. Ne3 fxe4 18. dxe4 Nb5 19. f5 Bxh3 20. Bxh3 gxf5 21. exf5 Qd8 22. Ng4 Nc7 23. f6 1-0

[Event "Guimaraes op"]
[Site "Guimaraes"]
[Date "2017.09.03"]
[Round "4"]
[White "Andrade, Ricardo Sarmento"]
[Black "Sampaio, Carlos Daniel Lemos"]
[Result "1/2-1/2"]
[WhiteElo "1770"]
[BlackElo "1169"]
[PlyCount "50"]
[EventDate "2017.09.02"]
[EventType "swiss"]
[EventRounds "7"]
[EventCountry "POR"]
[SourceTitle "CBM 180 Extra"]
[Source "ChessBase"]
[SourceDate "2017.10.06"]
[SourceVersion "1"]
[SourceVersionDate "2017.10.06"]
[SourceQuality "1"]

1. e4 e5 2. Nf3 Nc6 3. Bb5 d6 4. c3 Nf6 5. d3 Bd7 6. Nbd2 Ne7 7. Bxd7+ Qxd7 8. Nf1 h6 9. Ng3 Ng6 10. 0-0 Be7 11. Nf5 0-0 12. Nxe7+ Qxe7 13. g3 Qd7 14. Qe2 Qg4 15. Re1 c6 16. Nd2 Qxe2 17. Rxe2 Rfe8 18. Nc4 d5 19. Nd6 Re7 20. Nf5 Ree8 21. Bd2 Rad8 22. Rae1 dxe4 23. dxe4 Nxe4 24. Bxh6 gxh6 25. Rxe4 Kh7 1/2-1/2

[Event "Famalicao op 5th"]
[Site "Famalicao"]
[Date "2017.07.30"]
[Round "3"]
[White "Andrade, Ricardo Sarmento"]
[Black "Borges, Rafael Peres"]
[Result "1-0"]
[WhiteElo "1759"]
[BlackElo "1222"]
[PlyCount "63"]
[EventDate "2017.07.29"]
[EventType "swiss"]
[EventRounds "9"]
[EventCountry "POR"]
[SourceTitle "EXT 2018"]
[Source "ChessBase"]
[SourceDate "2017.10.13"]
[SourceVersion "1"]
[SourceVersionDate "2017.10.13"]
[SourceQuality "1"]

1. e4 c5 2. Nf3 d6 3. Bb5+ Nc6 4. 0-0 Nf6 5. Re1 a6 6. Bxc6+ bxc6 7. e5 dxe5 8. Nxe5 Bb7 9. d3 e6 10. Nc3 h6 11. b3 Bd6 12. Nc4 Bc7 13. Na4 Nd7 14. Ba3 Qg5 15. Qf3 0-0 16. Qe3 Bf4 17. Qf3 Bc7 18. g3 f5 19. Nxc5 Nxc5 20. Bxc5 Rf6 21. Be7 Raf8 22. Bxf8 Kxf8 23. Ne5 f4 24. Nd7+ Kf7 25. Nxf6 Kxf6 26. d4 Ke7 27. Rad1 h5 28. Re5 Bxe5 29. dxe5 h4 30. Qxf4 Qh5 31. Qxh4+ Qxh4 32. gxh4 1-0

[Event "Gaia Profigaia op 17th"]
[Site "Vila Nova de Gaia"]
[Date "2017.06.15"]
[Round "2"]
[White "Andrade, Ricardo Sarmento"]
[Black "Petkov, Vladimir"]
[Result "0-1"]
[WhiteElo "1754"]
[BlackElo "2484"]
[PlyCount "58"]
[EventDate "2017.06.14"]
[EventType "swiss"]
[EventRounds "7"]
[EventCountry "POR"]
[SourceTitle "CBM 179 Extra"]
[Source "ChessBase"]
[SourceDate "2017.08.23"]
[SourceVersion "1"]
[SourceVersionDate "2017.08.23"]
[SourceQuality "1"]

1. Nf3 d5 2. c4 e6 3. b3 d4 4. e3 c5 5. exd4 cxd4 6. g3 Ne7 7. Bg2 Nec6 8. a3 a5 9. 0-0 Na6 10. d3 Be7 11. Re1 Nc5 12. Ne5 Nxe5 13. Rxe5 Qb6 14. Nd2 f6 15. Rxc5 Bxc5 16. f4 0-0 17. Rb1 Bd7 18. Nf3 Qd6 19. Ne1 Bc6 20. Bxc6 Qxc6 21. Nc2 e5 22. b4 axb4 23. Nxb4 Bxb4 24. axb4 Ra2 25. Bb2 exf4 26. b5 Qe6 27. Bxd4 fxg3 28. hxg3 Rd8 29. Bf2 Qf5 0-1

[Event "Famalicao op 4th"]
[Site "Famalicao"]
[Date "2016.08.04"]
[Round "6"]
[White "Andrade, Ricardo Sarmento"]
[Black "Sousa, Hugo Carneiro"]
[Result "0-1"]
[WhiteElo "1724"]
[BlackElo "2038"]
[PlyCount "75"]
[EventDate "2016.07.30"]
[EventType "swiss"]
[EventRounds "7"]
[EventCountry "POR"]
[SourceTitle "CBM 173 Extra"]
[Source "ChessBase"]
[SourceDate "2016.08.29"]
[SourceVersion "1"]
[SourceVersionDate "2016.08.29"]
[SourceQuality "1"]

1. e4 e6 2. Nf3 d5 3. Nc3 Nf6 4. e5 Nfd7 5. d4 c5 6. dxc5 Bxc5 7. Bd3 Nc6 8. Bf4 0-0 9. Bxh7+ Kxh7 10. Ng5+ Kg6 11. Qg4 Ndxe5 12. Qg3 Kf6 13. Nh7+ Ke7 14. Nxf8 Kxf8 15. Bxe5 f6 16. Bf4 e5 17. Bd2 Bf5 18. 0-0 Bxc2 19. Rac1 Bf5 20. Rfd1 b6 21. Qh4 Nb4 22. Qh8+ Kf7 23. Qxd8 Rxd8 24. Be1 Nd3 25. Ra1 Ke6 26. b4 Nxb4 27. a3 Nc2 28. Ra2 Nxa3 29. Na4 Be7 30. Rda1 Nc2 31. Rc1 Nxe1 32. Rxe1 Rc8 33. Raa1 d4 34. g4 Bxg4 35. Rec1 Rxc1+ 36. Rxc1 d3 37. Nc3 Bb4 38. Nd1 0-1